In-laws and Outlaws : Lessons in Research and Friendship and a Report from the Archives /
"I will talk about the three basic ingredients that have transformed my day job into a vocation: respect for the past, insight, generosity."--from p. 1.
| Clasificación: | Libro Electrónico |
|---|---|
| Autor principal: | |
| Autores Corporativos: | , |
| Formato: | Electrónico eBook |
| Idioma: | Inglés |
| Publicado: |
Logan, Utah :
Utah State Special Collections and Archives,
2007
|
| Colección: | Leonard J. Arrington Mormon history lecture series ;
no. 11. Arrington lecture series ; no.11. Book collections on Project MUSE. |
| Temas: | |
| Acceso en línea: | Texto completo |
MARC
| LEADER | 00000cam a22000004a 4500 | ||
|---|---|---|---|
| 001 | musev2_10249 | ||
| 003 | MdBmJHUP | ||
| 005 | 20230905041152.0 | ||
| 006 | m o d | ||
| 007 | cr||||||||nn|n | ||
| 008 | 120329r20122007utu o 00 0 eng d | ||
| 020 | |a 9780874218688 | ||
| 020 | |z 9780874216820 | ||
| 035 | |a (OCoLC)753700869 | ||
| 040 | |a MdBmJHUP |c MdBmJHUP | ||
| 043 | |a n-us-ut | ||
| 050 | 4 | |a F826.G6 |b I5 2007 | |
| 100 | 1 | |a Gordon, Sarah Barringer. | |
| 245 | 1 | 0 | |a In-laws and Outlaws : |b Lessons in Research and Friendship and a Report from the Archives / |c by Sarah Barringer Gordon. |
| 264 | 1 | |a Logan, Utah : |b Utah State Special Collections and Archives, |c 2007 | |
| 264 | 3 | |a Baltimore, Md. : |b Project MUSE, |c 2012 | |
| 264 | 4 | |c ©2007 | |
| 300 | |a 1 online resource (36 pages): |b ill., digital file. | ||
| 336 | |a text |b txt |2 rdacontent | ||
| 337 | |a computer |b c |2 rdamedia | ||
| 338 | |a online resource |b cr |2 rdacarrier | ||
| 490 | 0 | |a Leonard J. Arrington Mormon history lecture series ; |v no. 11 | |
| 490 | 0 | |a The Arrington lecture series ; |v no.11 | |
| 500 | |a Issued as part of book collections on Project MUSE. | ||
| 500 | |a "October 20, 2005". | ||
| 506 | |a Access restricted to authorized users and institutions. | ||
| 520 | |a "I will talk about the three basic ingredients that have transformed my day job into a vocation: respect for the past, insight, generosity."--from p. 1. | ||
| 588 | |a Description based on print version record. | ||
| 650 | 0 | |a Historians |z Utah. | |
| 650 | 0 | |a Mormon Church |z Utah |x History. | |
| 655 | 7 | |a Electronic books. |2 local | |
| 710 | 2 | |a Project Muse. | |
| 710 | 2 | |a Merrill-Cazier Library. |b Special Collections & Archives. | |
| 776 | 1 | 8 | |i Print version: |z 9780874216820 |
| 710 | 2 | |a Project Muse. |e distributor | |
| 830 | 0 | |a Leonard J. Arrington Mormon history lecture series ; |v no. 11. | |
| 830 | 0 | |a Arrington lecture series ; |v no.11. | |
| 830 | 0 | |a Book collections on Project MUSE. | |
| 856 | 4 | 0 | |z Texto completo |u https://projectmuse.uam.elogim.com/book/10249/ |
| 945 | |a Project MUSE - Custom Collection | ||
| 945 | |a Project MUSE - Archive Complete Foundation | ||
| 945 | |a Project MUSE - Archive Philosophy and Religion Foundation | ||


